书目信息 |
| 题名: |
零基础漫画韩语入门
|
|
| 作者: | 李正玉 , 李有珍 , 李京花 著 ;耿小辉 主编 | |
| 分册: | ||
| 出版信息: | 北京 中译出版社 2016 |
|
| 页数: | 257页 | |
| 开本: | 24cm | |
| 丛书名: | ||
| 单 册: | ||
| 中图分类: | H55 | |
| 科图分类: | ||
| 主题词: | 朝鲜语--自学参考资料 | |
| 电子资源: | ||
| ISBN: | 978-7-5001-4792-3 | |
| 000 | 00941nam0 2200265 450 | |
| 001 | 012001001282 | |
| 005 | 20140921103355.0 | |
| 010 | @a978-7-5001-4792-3@dCNY39.60 | |
| 100 | @a20170328d2016 em y0chiy50 ea | |
| 101 | 0 | @achi@akor |
| 102 | @aCN@b110000 | |
| 105 | @aa z 000yy | |
| 106 | @ar | |
| 200 | 1 | @a零基础漫画韩语入门@9ling ji chu man hua han yu ru men@e白金版@f(韩)李正玉,(韩)李有珍,李京花著@g耿小辉主编 |
| 210 | @a北京@c中译出版社@d2016 | |
| 215 | @a257页@d24cm | |
| 330 | @a本书以幽默漫画穿插其间,包含韩语最基础的知识点:发音、语法、单词、常用单句、对话等内容,一网打尽韩语最重要的知识点,还增加了成语、谚语。 | |
| 606 | 0 | @a朝鲜语@j自学参考资料 |
| 690 | @aH55@v5 | |
| 701 | 0 | @c(韩)@a李正玉@9li zheng yu@4著 |
| 701 | 0 | @c(韩)@a李有珍@9li you zhen@4著 |
| 701 | 0 | @a李京花@9li jing hua@4著 |
| 702 | 0 | @a耿小辉@9geng xiao hui@c(女)@4主编 |
| 801 | 0 | @aCN@b上海新华@c20180901 |
| 905 | @b1156149-53@dH55@e32@f5 | |
| 零基础漫画韩语入门:白金版/(韩)李正玉,(韩)李有珍,李京花著/耿小辉主编.-北京:中译出版社,2016 |
| 257页;24cm |
| ISBN 978-7-5001-4792-3:CNY39.60 |
| 本书以幽默漫画穿插其间,包含韩语最基础的知识点:发音、语法、单词、常用单句、对话等内容,一网打尽韩语最重要的知识点,还增加了成语、谚语。 |
| ● |
| 相关链接 |
|
|
|
|
正题名:零基础漫画韩语入门
索取号:H55/32
 
预约/预借
| 序号 | 登录号 | 条形码 | 馆藏地/架位号 | 状态 | 备注 |
| 1 | 1156149 | 211561497 | 第二样本阅览室/ [索取号:H55/32] | 在馆 | |
| 2 | 1156150 | 211561503 | 第四借阅区/ [索取号:H55/32] | 在馆 | |
| 3 | 1156151 | 211561512 | 第四借阅区/ [索取号:H55/32] | 在馆 | |
| 4 | 1156152 | 211561521 | 密集书库—外国语学院/ [索取号:H55/32] | 在馆 | |
| 5 | 1156153 | 211561530 | 第四借阅区/ [索取号:H55/32] | 在馆 |